[Event "Titled Tuesday intern op 01st Apr Late"]
[Site "Chess.com INT"]
[Date "2025.04.01"]
[Round "6"]
[White "Brady, Tyson"]
[Black "Kniazev, Igor"]
[Result "1-0"]
[WhiteElo "2164"]
[BlackElo "2036"]
[PlyCount "77"]
[EventDate "2025.04.01"]
[EventType "swiss (blitz)"]
[EventRounds "11"]
[EventCountry "USA"]
[SourceTitle "CB15_2025"]
[SourceDate "2025.04.09"]
[SourceVersion "1"]
[SourceVersionDate "2025.04.09"]
[SourceQuality "1"]

1. Nf3 Nf6 2. g3 g6 3. Bg2 Bg7 4. 0-0 0-0 5. d3 d6 6. e4 e5 7. Nbd2 Bg4 8. b4 Qc8 9. a4 Nc6 10. b5 Nd4 11. c3 Nxf3+ 12. Nxf3 Bh3 13. c4 Bxg2 14. Kxg2 Ng4 15. h3 Nf6 16. Ba3 Nd7 17. Rc1 Bh6 18. Rc2 b6 19. d4 Re8 20. c5 bxc5 21. dxc5 Nxc5 22. Bxc5 dxc5 23. Rxc5 Qb7 24. Qc2 Rac8 25. Nxe5 Bg7 26. Nc6 Re6 27. Rd1 Rce8 28. f3 Bf6 29. Rcd5 Qb6 30. Qc5 Qxc5 31. Rxc5 Rd6 32. Rxd6 cxd6 33. Rd5 Be5 34. f4 Bc3 35. Kf3 Ra8 36. Rxd6 Kg7 37. e5 a6 38. b6 f6 39. b7 1-0

[Event "Titled Tuesday intern op 01st Apr Late"]
[Site "Chess.com INT"]
[Date "2025.04.01"]
[Round "4"]
[White "Cornelisse, Lorelei"]
[Black "Kniazev, Igor"]
[Result "0-1"]
[WhiteElo "2099"]
[BlackElo "2036"]
[PlyCount "70"]
[EventDate "2025.04.01"]
[EventType "swiss (blitz)"]
[EventRounds "11"]
[EventCountry "USA"]
[SourceTitle "CB21_2025"]
[SourceDate "2025.05.21"]
[SourceVersion "1"]
[SourceVersionDate "2025.05.21"]
[SourceQuality "1"]

1. d4 Nf6 2. Nc3 e6 3. Bf4 c5 4. Nf3 Nc6 5. e4 cxd4 6. Nxd4 Bb4 7. Ndb5 0-0 8. a3 Ba5 9. b4 Bb6 10. Nd6 e5 11. Bg5 h6 12. Bh4 Bd4 13. Qf3 g5 14. Bg3 Qe7 15. Nf5 Bxc3+ 16. Qxc3 Qe6 17. Bc4 d5 18. Bxd5 Nxd5 19. exd5 Qxf5 20. dxc6 Qe4+ 21. Qe3 Qxg2 22. 0-0-0 f6 23. h4 Bg4 24. Rdg1 Qxc6 25. hxg5 hxg5 26. Bxe5 Bf5 27. Bc3 Kf7 28. Rxg5 Qxh1+ 29. Kb2 fxg5 30. Qxg5 Qh7 31. Qf6+ Kg8 32. Qg5+ Qg6 33. Qh4 Qh7 34. Qg5+ Bg6 35. Qh4 Qxh4 0-1

[Event "Titled Tuesday intern op 01st Apr Late"]
[Site "Chess.com INT"]
[Date "2025.04.01"]
[Round "5"]
[White "Kniazev, Igor"]
[Black "Graif, William"]
[Result "0-1"]
[WhiteElo "2036"]
[BlackElo "2203"]
[PlyCount "98"]
[EventDate "2025.04.01"]
[EventType "swiss (blitz)"]
[EventRounds "11"]
[EventCountry "USA"]
[SourceTitle "CB21_2025"]
[SourceDate "2025.05.21"]
[SourceVersion "1"]
[SourceVersionDate "2025.05.21"]
[SourceQuality "1"]

1. e4 e5 2. Nf3 Bc5 3. c3 d5 4. d4 exd4 5. cxd4 dxe4 6. dxc5 Qxd1+ 7. Kxd1 exf3 8. gxf3 Ne7 9. Bf4 Nd5 10. Be5 0-0 11. Nc3 Rd8 12. Kc2 Bf5+ 13. Kb3 Nc6 14. Nxd5 Rxd5 15. Bxc7 Rxc5 16. Bd6 Nd4+ 17. Kb4 Rc6 18. Be5 Nc2+ 19. Kb5 Nxa1 20. Rg1 f6 21. Bc4+ Rxc4 22. Kxc4 fxe5 23. Rxa1 Rc8+ 24. Kd5 Kf7 25. Kxe5 Bg6 26. Rd1 Ke7 27. Rd4 Rc5+ 28. Kf4 Rc2 29. Rb4 b6 30. Ra4 a5 31. b4 Rc4+ 32. Ke5 Rxb4 33. Ra3 Rb5+ 34. Kd4 Rb2 35. Kd5 Rxa2 36. Re3+ Kd7 37. Kc4 Bf7+ 38. Kb5 a4 39. Kxb6 a3 40. Rd3+ Ke7 41. Re3+ Kf6 42. Re4 Ra1 43. Ra4 a2 44. Ka5 Rb1 45. Rf4+ Kg6 46. Ra4 a1Q 47. Rxa1 Rxa1+ 48. Kb4 Ra2 49. Kc3 Rxf2 0-1

[Event "Titled Tuesday intern op 18th Mar Late"]
[Site "Chess.com INT"]
[Date "2025.03.18"]
[Round "1"]
[White "Paduano, Claudio"]
[Black "Kniazev, Igor"]
[Result "1-0"]
[WhiteElo "2256"]
[BlackElo "2036"]
[PlyCount "71"]
[EventDate "2025.03.18"]
[EventType "swiss (blitz)"]
[EventRounds "11"]
[EventCountry "USA"]
[SourceTitle "CB13_2025"]
[SourceDate "2025.03.26"]
[SourceVersion "1"]
[SourceVersionDate "2025.03.26"]
[SourceQuality "1"]

1. d4 d5 2. c4 e6 3. Nc3 c6 4. Nf3 Nf6 5. Bg5 dxc4 6. e4 b5 7. e5 h6 8. Bh4 g5 9. Nxg5 hxg5 10. Bxg5 Nbd7 11. exf6 Bb7 12. g3 Qb6 13. Bg2 0-0-0 14. 0-0 c5 15. d5 Nb8 16. Qg4 b4 17. dxe6 fxe6 18. Ne4 Nd7 19. f7 Ne5 20. Bxd8 Nxg4 21. Bxb6 axb6 22. h3 Ne5 23. Ng5 Bd5 24. Bxd5 exd5 25. Rfe1 Nd7 26. Re8+ Kc7 27. Rae1 Bg7 28. Ne6+ Kd6 29. Nxg7 Rf8 30. R1e6+ Kc7 31. Rxf8 Nxf8 32. Re8 Nd7 33. Re7 c3 34. f8Q cxb2 35. Qf5 Kc6 36. Qxd7# 1-0

[Event "Titled Tuesday intern op 20th Aug Late"]
[Site "Chess.com INT"]
[Date "2024.08.20"]
[Round "2"]
[White "Kniazev, Igor"]
[Black "Silva, Lucas"]
[Result "0-1"]
[WhiteElo "2036"]
[BlackElo "2215"]
[PlyCount "40"]
[EventDate "2024.08.20"]
[EventType "swiss (blitz)"]
[EventRounds "11"]
[EventCountry "USA"]
[SourceTitle "EXT 2025"]
[Source "ChessBase"]
[SourceDate "2024.10.14"]
[SourceVersion "1"]
[SourceVersionDate "2024.10.14"]
[SourceQuality "1"]

1. e4 c6 2. d4 d5 3. Nc3 dxe4 4. Nxe4 Nf6 5. Nxf6+ exf6 6. Nf3 Bd6 7. Bc4 0-0 8. Be3 Nd7 9. Qd2 Re8 10. 0-0-0 b5 11. Bb3 Nb6 12. Bf4 a5 13. c3 a4 14. Bxd6 axb3 15. Ba3 bxa2 16. Kc2 Bf5+ 17. Kb3 Be6+ 18. Kc2 Bf5+ 19. Kb3 Qd5+ 20. Kb4 Ra4# 0-1

[Event "Titled Tuesday intern op 20th Aug Late"]
[Site "Chess.com INT"]
[Date "2024.08.20"]
[Round "7"]
[White "Petr, Jan1"]
[Black "Kniazev, Igor"]
[Result "1-0"]
[WhiteElo "2282"]
[BlackElo "2036"]
[PlyCount "139"]
[EventDate "2024.08.20"]
[EventType "swiss (blitz)"]
[EventRounds "11"]
[EventCountry "USA"]
[SourceTitle "EXT 2025"]
[Source "ChessBase"]
[SourceDate "2024.10.14"]
[SourceVersion "1"]
[SourceVersionDate "2024.10.14"]
[SourceQuality "1"]

1. d4 Nf6 2. c4 c5 3. d5 b5 4. cxb5 a6 5. b6 g6 6. Nc3 d6 7. e4 Nbd7 8. a4 Qxb6 9. a5 Qb7 10. Nf3 Bg7 11. Be2 0-0 12. 0-0 Ng4 13. Nd2 Ngf6 14. Nc4 Rb8 15. h3 Ne8 16. Bf4 Qb3 17. Na4 Ne5 18. Nxe5 Bxe5 19. Bxe5 dxe5 20. Qxb3 Rxb3 21. Nxc5 Rxb2 22. Bxa6 Nd6 23. Bd3 f5 24. a6 fxe4 25. Nxe4 Nxe4 26. Bxe4 Bf5 27. Rfb1 Rxb1+ 28. Bxb1 Bxb1 29. Rxb1 Ra8 30. Rb6 Kf7 31. f3 Ke8 32. Kf2 Kd7 33. Ke3 Kc7 34. Re6 Kd7 35. Ke4 Rc8 36. Rc6 Rb8 37. a7 Rb4+ 38. Kxe5 Ra4 39. Rc4 Rxa7 40. Rh4 h5 41. Rb4 Ra2 42. Rb7+ Ke8 43. g3 Re2+ 44. Kf4 Rd2 45. Kg5 Rxd5+ 46. Kxg6 Rd3 47. Kxh5 Rxf3 48. Kh4 e5 49. g4 e4 50. g5 e3 51. Rb4 Kf7 52. Re4 Kg6 53. Kg4 Rf1 54. Re6+ Kf7 55. Rxe3 Kg6 56. h4 Rg1+ 57. Rg3 Ra1 58. h5+ Kg7 59. Re3 Ra4+ 60. Kf5 Ra1 61. h6+ Kf7 62. g6+ Kf8 63. g7+ Kf7 64. Re7+ Kxe7 65. g8Q Re1 66. Qg7+ Kd6 67. Qg3+ Re5+ 68. Qxe5+ Kd7 69. Qf6 Ke8 70. Qg7 1-0

[Event "Titled Tuesday intern op 13th Aug Late"]
[Site "Chess.com INT"]
[Date "2024.08.13"]
[Round "9"]
[White "Korpics, Zsolt"]
[Black "Kniazev, Igor"]
[Result "1-0"]
[WhiteElo "2300"]
[BlackElo "2036"]
[PlyCount "49"]
[EventDate "2024.08.13"]
[EventType "swiss (blitz)"]
[EventRounds "11"]
[EventCountry "USA"]
[SourceTitle "EXT 2025"]
[Source "ChessBase"]
[SourceDate "2024.10.14"]
[SourceVersion "1"]
[SourceVersionDate "2024.10.14"]
[SourceQuality "1"]

1. e4 e5 2. Nf3 Nf6 3. Nxe5 Nxe4 4. Qe2 Qe7 5. Qxe4 d6 6. d4 dxe5 7. dxe5 Nc6 8. Bb5 Bd7 9. Nc3 0-0-0 10. Bf4 g5 11. Bg3 Re8 12. 0-0-0 f5 13. Qa4 f4 14. Nd5 Qc5 15. Nf6 Bf5 16. Nxe8 fxg3 17. hxg3 Nb4 18. Bd7+ Kb8 19. Bxf5 Be7 20. Nf6 Bxf6 21. exf6 Nxa2+ 22. Qxa2 Qxf5 23. f7 Rf8 24. Rhe1 b6 25. Re8+ 1-0

[Event "Titled Tuesday intern op 30th Jul Early"]
[Site "Chess.com INT"]
[Date "2024.07.30"]
[Round "5"]
[White "Darini, Pouria"]
[Black "Kniazev, Igor"]
[Result "1-0"]
[WhiteElo "2399"]
[BlackElo "2036"]
[PlyCount "113"]
[EventDate "2024.07.30"]
[EventType "swiss (blitz)"]
[EventRounds "11"]
[EventCountry "USA"]
[SourceTitle "EXT 2025"]
[Source "ChessBase"]
[SourceDate "2024.10.14"]
[SourceVersion "1"]
[SourceVersionDate "2024.10.14"]
[SourceQuality "1"]

1. d4 Nf6 2. Bf4 c5 3. d5 g6 4. Nc3 Bg7 5. e4 d6 6. Bb5+ Nfd7 7. Nf3 a6 8. Be2 b5 9. 0-0 b4 10. Na4 0-0 11. Re1 Nb6 12. Nxb6 Qxb6 13. Rb1 Nd7 14. Nd2 Ne5 15. Bxe5 Bxe5 16. Nc4 Qc7 17. Nxe5 dxe5 18. c3 a5 19. Rc1 Rd8 20. Qc2 Qb6 21. cxb4 cxb4 22. Qc7 Rb8 23. Qxb6 Rxb6 24. Rc5 a4 25. Rec1 Ba6 26. Bxa6 Rxa6 27. R1c4 b3 28. a3 e6 29. Kf1 exd5 30. exd5 Kg7 31. Ke2 Rad6 32. Rxa4 Rxd5 33. Rxd5 Rxd5 34. Rb4 Rc5 35. Rxb3 Rc2+ 36. Ke3 f5 37. g3 g5 38. a4 f4+ 39. gxf4 gxf4+ 40. Kf3 Kf6 41. a5 Kf5 42. Rb5 h5 43. a6 Rc4 44. Ra5 Rb4 45. a7 Rb3+ 46. Ke2 Rxb2+ 47. Kd1 Rxf2 48. a8Q Kg4 49. Rxe5 Rxh2 50. Qg8+ Kf3 51. Qd5+ Kg3 52. Rg5+ Kf2 53. Qd2+ Kf3 54. Qxh2 h4 55. Qxh4 Ke3 56. Re5+ Kf3 57. Qh3+ 1-0

[Event "Titled Tuesday intern op 30th Jul Early"]
[Site "Chess.com INT"]
[Date "2024.07.30"]
[Round "4"]
[White "Janaszak, Dawid"]
[Black "Kniazev, Igor"]
[Result "1/2-1/2"]
[WhiteElo "2308"]
[BlackElo "2036"]
[PlyCount "113"]
[EventDate "2024.07.30"]
[EventType "swiss (blitz)"]
[EventRounds "11"]
[EventCountry "USA"]
[SourceTitle "EXT 2025"]
[Source "ChessBase"]
[SourceDate "2024.10.14"]
[SourceVersion "1"]
[SourceVersionDate "2024.10.14"]
[SourceQuality "1"]

1. e4 e5 2. Nf3 Nf6 3. Nxe5 Nxe4 4. Nf3 d5 5. d3 Nf6 6. d4 Bd6 7. Bd3 0-0 8. h3 c5 9. dxc5 Bxc5 10. 0-0 Nc6 11. Nbd2 Re8 12. Nb3 Bb6 13. Bg5 h6 14. Bh4 g5 15. Bg3 Nh5 16. Kh1 Nxg3+ 17. fxg3 Qd6 18. Nxg5 Qxg3 19. Nxf7 Bxh3 20. Nxh6+ Kh8 21. Qf3 Qxf3 22. Rxf3 Bd7 23. Rf7 Re7 24. Raf1 Rae8 25. Bg6 Rxf7 26. Rxf7 Re1+ 27. Kh2 Bc7+ 28. g3 Re7 29. Nc5 Rxf7 30. Nxf7+ Kg7 31. Bd3 Kxf7 32. Nxd7 b6 33. Bb5 Ne5 34. Nxe5+ Bxe5 35. c3 Ke6 36. Kh3 d4 37. cxd4 Bxd4 38. Bc4+ Kf6 39. b3 Bc5 40. Kg4 Bd6 41. Kf3 Kg5 42. Be6 a5 43. g4 Bc5 44. Ke4 Bd6 45. Kd5 Bc5 46. Kc6 Be3 47. Kb5 Bd4 48. Bf5 Be3 49. a3 Bf2 50. Kc4 Be3 51. b4 axb4 52. Kxb4 Bf2 53. a4 Be3 54. Kb5 Bf2 55. a5 bxa5 56. Kxa5 Be3 57. Ka6 1/2-1/2

[Event "Titled Tuesday intern op 30th Jul Early"]
[Site "Chess.com INT"]
[Date "2024.07.30"]
[Round "3"]
[White "Kniazev, Igor"]
[Black "Korchmar, Vasiliy"]
[Result "1-0"]
[WhiteElo "2036"]
[BlackElo "2431"]
[PlyCount "61"]
[EventDate "2024.07.30"]
[EventType "swiss (blitz)"]
[EventRounds "11"]
[EventCountry "USA"]
[SourceTitle "EXT 2025"]
[Source "ChessBase"]
[SourceDate "2024.10.14"]
[SourceVersion "1"]
[SourceVersionDate "2024.10.14"]
[SourceQuality "1"]

1. e4 c5 2. Nc3 d6 3. f4 Nc6 4. Nf3 Nf6 5. Bb5 Bd7 6. 0-0 e6 7. d3 Be7 8. Qe1 a6 9. Bxc6 Bxc6 10. e5 Nd7 11. Be3 Qc7 12. Qg3 g6 13. Ne4 d5 14. Neg5 h6 15. Nxe6 fxe6 16. Qxg6+ Kd8 17. Qxe6 d4 18. Bf2 Bxf3 19. gxf3 Qb6 20. Qxb6+ Nxb6 21. f5 Bg5 22. Bg3 Nd5 23. f4 Be7 24. f6 Bf8 25. Rf2 h5 26. Bh4 Bh6 27. e6 Bxf4 28. f7+ Kc7 29. Rxf4 Nxf4 30. Bg3 Kd6 31. Re1 1-0

[Event "Titled Tuesday intern op 30th Jul Early"]
[Site "Chess.com INT"]
[Date "2024.07.30"]
[Round "7"]
[White "Kniazev, Igor"]
[Black "Shuvalov, Evgenij"]
[Result "1-0"]
[WhiteElo "2036"]
[BlackElo "1993"]
[PlyCount "131"]
[EventDate "2024.07.30"]
[EventType "swiss (blitz)"]
[EventRounds "11"]
[EventCountry "USA"]
[SourceTitle "EXT 2025"]
[Source "ChessBase"]
[SourceDate "2024.10.14"]
[SourceVersion "1"]
[SourceVersionDate "2024.10.14"]
[SourceQuality "1"]

1. e4 e6 2. Nc3 d5 3. exd5 exd5 4. d4 Nf6 5. Bd3 c5 6. Be3 c4 7. Be2 Nc6 8. Qd2 Bb4 9. f3 Qa5 10. a3 0-0 11. Ra2 Bxc3 12. Qxc3 Qxc3+ 13. bxc3 Re8 14. Kd2 h5 15. h3 Ne7 16. g4 Ng6 17. Rb2 b6 18. Bf1 Bd7 19. g5 Nh7 20. f4 Ne7 21. Bg2 Bc6 22. Nf3 f6 23. Re1 Nf5 24. Bf2 Nf8 25. Nh4 Nxh4 26. Bxh4 Ng6 27. Bg3 Rxe1 28. Kxe1 Re8+ 29. Kd2 Ne7 30. Rb1 Nf5 31. Bh2 Kf7 32. Bf3 g6 33. Re1 Rxe1 34. Kxe1 Ne3 35. Bd1 Ke6 36. Ke2 Nf5 37. Kf3 Nd6 38. Ke3 Ne4 39. gxf6 Nxc3 40. f5+ Kxf6 41. Be5+ Kxf5 42. Bf3 g5 43. Bxh5 Nb1 44. Bg4+ Kg6 45. Bb8 a6 46. Bd6 b5 47. Bc8 a5 48. Be6 Nc3 49. Kf3 Ne4 50. Be7 Nd2+ 51. Kg4 Ne4 52. Bf5+ Kh6 53. Bxe4 dxe4 54. Bxg5+ Kg6 55. h4 b4 56. h5+ Kh7 57. axb4 a4 58. Bc1 c3 59. Kf4 Kh6 60. Ke5+ Kxh5 61. d5 e3 62. dxc6 e2 63. c7 e1Q+ 64. Kd6 Qe8 65. b5 Qc8 66. b6 1-0

[Event "Titled Tuesday intern op 30th Jul Early"]
[Site "Chess.com INT"]
[Date "2024.07.30"]
[Round "8"]
[White "Vlassov, Nikolai"]
[Black "Kniazev, Igor"]
[Result "1-0"]
[WhiteElo "2299"]
[BlackElo "2036"]
[PlyCount "75"]
[EventDate "2024.07.30"]
[EventType "swiss (blitz)"]
[EventRounds "11"]
[EventCountry "USA"]
[SourceTitle "EXT 2025"]
[Source "ChessBase"]
[SourceDate "2024.10.14"]
[SourceVersion "1"]
[SourceVersionDate "2024.10.14"]
[SourceQuality "1"]

1. e4 e5 2. Bc4 Nf6 3. d3 Nc6 4. Nf3 Bc5 5. Bg5 h6 6. Bh4 g5 7. Bg3 d6 8. Nc3 Na5 9. Nd2 Nxc4 10. Nxc4 Be6 11. h4 g4 12. h5 Qd7 13. Ne3 Bxe3 14. fxe3 c5 15. Qd2 b5 16. a3 a5 17. 0-0-0 b4 18. Nb1 Ba2 19. Rdf1 Qe6 20. c4 bxa3 21. Nxa3 0-0 22. Rf5 Nd7 23. Nb5 Qe7 24. Rh4 Nf6 25. Qf2 Nh7 26. Rxg4+ Ng5 27. Rf6 Rab8 28. Nc3 Rb3 29. Nd5 Qd8 30. Rxh6 f5 31. Rxg5+ Qxg5 32. Rg6+ Qxg6 33. hxg6 Rxd3 34. exf5 Bxc4 35. Ne7+ Kg7 36. Bh4 a4 37. f6+ Kh6 38. Qg3 1-0

[Event "Titled Tuesday intern op 23rd Jul Early"]
[Site "Chess.com INT"]
[Date "2024.07.23"]
[Round "9"]
[White "Herpai, Jozsef Matyas"]
[Black "Kniazev, Igor"]
[Result "0-1"]
[WhiteElo "2011"]
[BlackElo "2036"]
[PlyCount "74"]
[EventDate "2024.07.23"]
[EventType "swiss (blitz)"]
[EventRounds "11"]
[EventCountry "USA"]
[SourceTitle "EXT 2025"]
[Source "ChessBase"]
[SourceDate "2024.10.14"]
[SourceVersion "1"]
[SourceVersionDate "2024.10.14"]
[SourceQuality "1"]

1. e4 e5 2. Nc3 Nf6 3. g3 d5 4. exd5 Nxd5 5. Bg2 Nxc3 6. bxc3 Bc5 7. Nf3 Nc6 8. 0-0 0-0 9. Rb1 e4 10. Ne1 Re8 11. d3 Be6 12. Bxe4 Bxa2 13. Rb2 Rxe4 14. Rxa2 Re6 15. Ng2 Qd5 16. Rb2 g5 17. d4 Bb6 18. Ne3 Qe4 19. d5 Rd8 20. Qh5 Ne5 21. Ng2 Nf3+ 22. Kh1 h6 23. dxe6 Qe2 24. Rg1 Qxf2 25. Be3 Bxe3 26. Rgb1 Ne5 27. Qxh6 fxe6 28. Qh5 Qf7 29. Qe2 Rd2 30. Qxe3 Rf2 31. Rg1 Qf5 32. Rbb1 Ng4 33. Qd3 Rxc2 34. Qxf5 exf5 35. Rge1 Nf2+ 36. Kg1 Nh3+ 37. Kf1 Rf2# 0-1

[Event "Titled Tuesday intern op 23rd Jul Early"]
[Site "Chess.com INT"]
[Date "2024.07.23"]
[Round "6"]
[White "Kaminski, Victor Kazimierz"]
[Black "Kniazev, Igor"]
[Result "0-1"]
[WhiteElo "2247"]
[BlackElo "2036"]
[PlyCount "86"]
[EventDate "2024.07.23"]
[EventType "swiss (blitz)"]
[EventRounds "11"]
[EventCountry "USA"]
[SourceTitle "EXT 2025"]
[Source "ChessBase"]
[SourceDate "2024.10.14"]
[SourceVersion "1"]
[SourceVersionDate "2024.10.14"]
[SourceQuality "1"]

1. e4 e5 2. Nf3 Nf6 3. d4 exd4 4. e5 Ne4 5. Qxd4 Nc5 6. Bg5 Be7 7. Bxe7 Qxe7 8. Nc3 Nc6 9. Qe3 Nb4 10. 0-0-0 c6 11. a3 Nba6 12. b4 Ne6 13. Ne4 0-0 14. Bd3 Nxb4 15. axb4 Qxb4 16. Nd6 a5 17. Qe4 Qa3+ 18. Kd2 g6 19. Ra1 Qc5 20. h4 Qxf2+ 21. Qe2 Qg3 22. Ne4 Qf4+ 23. Qe3 a4 24. Nf6+ Kg7 25. h5 h6 26. Rh4 Qxe3+ 27. Kxe3 g5 28. Nxg5 Nxg5 29. Rg4 b5 30. Bf5 d5 31. Bxc8 Rfxc8 32. Nd7 Re8 33. Kf4 Ra7 34. Nf6 Kh8 35. Rxg5 hxg5+ 36. Kf5 Rae7 37. Re1 a3 38. Kxg5 Rxe5+ 39. Rxe5 Rxe5+ 40. Kh6 a2 41. Nd7 a1Q 42. Nxe5 Qxe5 43. g4 Qg7# 0-1

[Event "Titled Tuesday intern op 23rd Jul Early"]
[Site "Chess.com INT"]
[Date "2024.07.23"]
[Round "4"]
[White "Kniazev, Igor"]
[Black "Le Goff, Ronan"]
[Result "0-1"]
[WhiteElo "2036"]
[BlackElo "2218"]
[PlyCount "102"]
[EventDate "2024.07.23"]
[EventType "swiss (blitz)"]
[EventRounds "11"]
[EventCountry "USA"]
[SourceTitle "EXT 2025"]
[Source "ChessBase"]
[SourceDate "2024.10.14"]
[SourceVersion "1"]
[SourceVersionDate "2024.10.14"]
[SourceQuality "1"]

1. e4 e5 2. Nf3 Nc6 3. d4 exd4 4. Nxd4 Bc5 5. Be3 Qf6 6. c3 Nge7 7. Be2 Bb6 8. 0-0 0-0 9. Qd2 d5 10. Bf3 dxe4 11. Bxe4 Nxd4 12. Bxd4 Bxd4 13. Qxd4 Qxd4 14. cxd4 c6 15. Nc3 Be6 16. b3 Rad8 17. Rad1 Rd7 18. Rd3 Rfd8 19. Rfd1 g5 20. h3 h5 21. Kf1 f6 22. Ke1 Kg7 23. Bf3 Kg6 24. g4 hxg4 25. hxg4 Nd5 26. Be4+ Kg7 27. Nxd5 Bxd5 28. Bf5 Re7+ 29. Kd2 Rh8 30. Re3 Rxe3 31. Kxe3 Rh3+ 32. Kd2 Kf7 33. Re1 a5 34. Bd7 a4 35. bxa4 Ra3 36. Be8+ Kf8 37. Bh5 Rxa2+ 38. Ke3 Rxa4 39. Rc1 Ra3+ 40. Ke2 Ke7 41. Rb1 b5 42. Kd2 Kd6 43. Be8 Rb3 44. Rg1 b4 45. Rf1 Rb2+ 46. Kc1 Ra2 47. Kb1 Re2 48. f4 Rxe8 49. fxg5 fxg5 50. Rf6+ Re6 51. Rf5 Be4+ 0-1

[Event "Titled Tuesday intern op 25th Jun Early"]
[Site "Chess.com INT"]
[Date "2024.06.25"]
[Round "2"]
[White "Papayan, Oleg"]
[Black "Kniazev, Igor"]
[Result "1-0"]
[WhiteElo "2183"]
[BlackElo "2036"]
[PlyCount "157"]
[EventDate "2024.06.25"]
[EventType "swiss (blitz)"]
[EventRounds "11"]
[EventCountry "USA"]
[SourceTitle "EXT 2025"]
[Source "ChessBase"]
[SourceDate "2024.10.14"]
[SourceVersion "1"]
[SourceVersionDate "2024.10.14"]
[SourceQuality "1"]

1. d4 Nf6 2. Nc3 c5 3. d5 e6 4. e4 exd5 5. exd5 d6 6. Nf3 Be7 7. Bb5+ Nfd7 8. a4 0-0 9. 0-0 a6 10. Bd3 Ne5 11. Nxe5 dxe5 12. Qh5 f5 13. Re1 e4 14. Bc4 Kh8 15. f3 g6 16. Qh6 Bf6 17. fxe4 Bd4+ 18. Be3 Bg7 19. Qg5 Qxg5 20. Bxg5 fxe4 21. Be7 Bd4+ 22. Kh1 Rf2 23. Nxe4 Rxc2 24. Nd6 Nd7 25. Rf1 Bxb2 26. Rae1 Be5 27. Nf7+ Kg7 28. Nxe5 Nxe5 29. Bb3 Rc4 30. Bf6+ Kh6 31. Rxe5 Rc3 32. Bd1 Rc1 33. Bg5+ Kg7 34. Bxc1 Bf5 35. Re7+ Kf6 36. Rxb7 Rd8 37. Bf3 Rxd5 38. Bxd5 Ke5 39. Rxf5+ gxf5 40. Bf3 c4 41. Bb2+ c3 42. Bxc3+ Kf4 43. Bd2+ Ke5 44. Rb6 a5 45. Rb5+ Kd4 46. Rxa5 f4 47. Bxf4 h5 48. Bg3 h4 49. Bxh4 Ke3 50. Bg3 Kd4 51. h4 Kc4 52. h5 Kb4 53. Rb5+ Kc4 54. Bd5+ Kd3 55. Be5 Ke3 56. g4 Kf2 57. g5 Ke3 58. g6 Kd3 59. h6 Kc2 60. h7 Kc1 61. g7 Kc2 62. a5 Kd3 63. a6 Kd2 64. a7 Ke2 65. Kg2 Ke3 66. Kg3 Kd3 67. Kf3 Kd2 68. g8B Ke1 69. h8B Kd2 70. a8B Ke1 71. Bc3+ Kf1 72. Bc4+ Kg1 73. Bhd4+ Kh2 74. Be5+ Kh3 75. Bge6+ Kh4 76. Be1+ Kh5 77. Bf7+ Kh6 78. Bd2+ Kh7 79. Bd3# 1-0

[Event "Titled Tuesday intern op 04th Jun Early"]
[Site "Chess.com INT"]
[Date "2024.06.04"]
[Round "1"]
[White "Guerra Mendez, Jose Angel"]
[Black "Kniazev, Igor"]
[Result "1-0"]
[WhiteElo "2484"]
[BlackElo "2036"]
[PlyCount "115"]
[EventDate "2024.06.04"]
[EventType "swiss (blitz)"]
[EventRounds "11"]
[EventCountry "USA"]
[SourceTitle "EXT 2025"]
[Source "ChessBase"]
[SourceDate "2024.10.14"]
[SourceVersion "1"]
[SourceVersionDate "2024.10.14"]
[SourceQuality "1"]

1. e4 e5 2. Nf3 Nf6 3. Nxe5 Nxe4 4. Qe2 Qe7 5. Qxe4 d6 6. d4 dxe5 7. Qxe5 Qxe5+ 8. dxe5 Bf5 9. Nc3 Nd7 10. Bf4 Bxc2 11. Rc1 Bf5 12. Nd5 0-0-0 13. Rxc7+ Kb8 14. e6 Ka8 15. Rxd7 Rxd7 16. exd7 Bxd7 17. Bc4 b5 18. Bxb5 Bb4+ 19. Nxb4 Bxb5 20. Kd2 Rd8+ 21. Ke3 Re8+ 22. Kd4 a5 23. Nd5 Kb7 24. Be3 Bc6 25. Rc1 Rd8 26. Rc5 f5 27. f3 g6 28. h4 h6 29. Rxa5 h5 30. Rc5 Ra8 31. a3 Ra4+ 32. Nb4 Bd7 33. Re5 Ra8 34. Re7 Rd8 35. Ke5 Kc8 36. Rg7 Bb5 37. Kf4 Re8 38. Rxg6 Bf1 39. Rg5 Rf8 40. g3 Bh3 41. Rxh5 Rf6 42. Rg5 Rd6 43. h5 Rh6 44. Rg8+ Kd7 45. Kg5 Rh7 46. h6 Re7 47. Rg7 f4 48. Rxe7+ Kxe7 49. h7 Bf5 50. h8Q fxe3 51. Qe5+ Be6 52. Qxe3 Kd7 53. Kf6 Bc4 54. Qe7+ Kc8 55. Ke5 Bb5 56. Kd6 Kb8 57. Nc6+ Bxc6 58. Kxc6 1-0

[Event "Titled Tuesday intern op 04th Jun Early"]
[Site "Chess.com INT"]
[Date "2024.06.04"]
[Round "3"]
[White "Kniazev, Igor"]
[Black "Valle Luis, Leo"]
[Result "0-1"]
[WhiteElo "2036"]
[BlackElo "2241"]
[PlyCount "80"]
[EventDate "2024.06.04"]
[EventType "swiss (blitz)"]
[EventRounds "11"]
[EventCountry "USA"]
[SourceTitle "EXT 2025"]
[Source "ChessBase"]
[SourceDate "2024.10.14"]
[SourceVersion "1"]
[SourceVersionDate "2024.10.14"]
[SourceQuality "1"]

1. e4 c6 2. d4 d5 3. Nc3 dxe4 4. Nxe4 Nf6 5. Nxf6+ exf6 6. Nf3 Bd6 7. Bc4 0-0 8. Be3 Nd7 9. 0-0 Re8 10. Qd3 Nf8 11. Rad1 Bg4 12. Bc1 Qc7 13. h3 Be6 14. Nh4 Rad8 15. Nf5 Bxc4 16. Qxc4 Bf4 17. c3 Bxc1 18. Rxc1 Qf4 19. Qd3 Ng6 20. Rce1 h6 21. Re3 Rxe3 22. fxe3 Qc7 23. b4 Re8 24. g3 Qd7 25. Kg2 Qd5+ 26. Rf3 Qxa2+ 27. Rf2 Qd5+ 28. Kh2 Ne5 29. Qe2 Nc4 30. Qg4 g6 31. Nxh6+ Kg7 32. Nf5+ Kf8 33. Nh4 Qe4 34. Rf4 Qc2+ 35. Kg1 Nxe3 36. Nxg6+ Qxg6 37. Qf3 Nd5 38. Rg4 Qb1+ 39. Kh2 Qc2+ 40. Kg1 Re1+ 0-1

[Event "Titled Tuesday intern op 30th Apr Late"]
[Site "Chess.com INT"]
[Date "2024.04.30"]
[Round "9"]
[White "Kniazev, Igor"]
[Black "Contreras Torres, Javier"]
[Result "0-1"]
[WhiteElo "2036"]
[BlackElo "2296"]
[PlyCount "154"]
[EventDate "2024.04.30"]
[EventType "swiss (blitz)"]
[EventRounds "11"]
[EventCountry "USA"]
[SourceTitle "EXT 2025"]
[Source "ChessBase"]
[SourceDate "2024.10.14"]
[SourceVersion "1"]
[SourceVersionDate "2024.10.14"]
[SourceQuality "1"]

1. e4 e5 2. Nf3 Nc6 3. Bb5 a6 4. Bxc6 dxc6 5. Nc3 f6 6. d4 exd4 7. Nxd4 c5 8. Nde2 Qxd1+ 9. Nxd1 Bd7 10. 0-0 0-0-0 11. f4 Nh6 12. h3 Nf7 13. Ne3 h5 14. Nd5 Bc6 15. c4 Nd6 16. e5 fxe5 17. fxe5 Nxc4 18. Ndf4 Nxe5 19. Ne6 Re8 20. N2f4 Bd7 21. Nxf8 Rexf8 22. Be3 b6 23. b3 g5 24. Nd5 Be6 25. Ne7+ Kb8 26. Bxg5 Rxf1+ 27. Rxf1 Re8 28. Re1 Nf7 29. Rxe6 Nxg5 30. Nc6+ Kb7 31. Rxe8 Kxc6 32. Re5 Nf7 33. Rxh5 Nd6 34. g4 b5 35. g5 c4 36. bxc4 bxc4 37. Kf1 c3 38. Ke2 c2 39. Kd2 Kd5 40. g6+ Ke6 41. Rg5 Ne4+ 42. Kxc2 Nxg5 43. h4 Ne4 44. Kd3 Nf6 45. h5 Nxh5 46. Ke4 Ng7 47. Kf4 Kf6 48. a4 Kxg6 49. Ke4 Kf6 50. Kd5 Ke7 51. Kc6 Kd8 52. Kb7 a5 53. Ka6 Kd7 54. Kxa5 Ne6 55. Ka6 Nc5+ 56. Kb5 Kd6 57. a5 Nb7 58. Ka6 Nc5+ 59. Kb5 Kd5 60. Kb4 c6 61. Kc3 Na6 62. Kb3 c5 63. Ka4 Kc6 64. Kb3 Kb5 65. Kc3 Kxa5 66. Kc4 Kb6 67. Kd5 Kb5 68. Ke4 Nb4 69. Ke3 Kc4 70. Kd2 Kb3 71. Kc1 Nc6 72. Kb1 c4 73. Ka1 c3 74. Kb1 Nb8 75. Kc1 c2 76. Kd2 Kb2 77. Kd3 c1Q 0-1